000 00499nam a2200181Ia 4500
003 GCL
008 140319s9999 xx 000 0 eng d
040 _aGCL /
_cGCL
082 0 4 _a892.76
_bN Z
100 1 _aNAGUIB MAHFOUZ
245 1 0 _aZWISCHEN DEN PALASTEN /
_cNAGUIB MAHFOUZ
260 _aالقاهرة :
_bTHE AMERICAN UNIVERSITY IN CAIRO PRESS ،
_c1996
300 _a686 P ؛
_c25 cm.
650 0 4 _aNOVELS
650 0 4 _aARABIC LITERATURE
650 0 4 _aARABIC FICTION
942 _2ddc
_cBK
999 _c12764
_d12764